| Tag |
First Indicator |
Second Indicator |
Subfields |
| LEADER |
00000cam a22000005u 4500 |
| 001 |
in00002786886 |
| 005 |
20190331170701.0 |
| 006 |
m o d |
| 007 |
cr nn 008mam|a |
| 008 |
030925t2003 gw fo || 0 0 ||||| |
| 020 |
|
|
|a 9780784406823
|
| 035 |
|
|
|a (American Society of Civil Eng)10.1061/9780784406823
|
| 040 |
|
|
|d UtOrBLW
|
| 245 |
0 |
0 |
|a Urban Beaches :
|b Balancing Public Rights and Private Development /
|c Edited by Lesley Ewing, Thomas Herrington, Orville Magoon.
|
| 264 |
|
1 |
|a Reston, VA :
|b American Society of Civil Engineers,
|c 2003.
|
| 300 |
|
|
|a 1 online resource.
|
| 336 |
|
|
|a text
|b txt
|2 rdacontent
|
| 337 |
|
|
|a computer
|b c
|2 rdamedia
|
| 338 |
|
|
|a online resource
|b cr
|2 rdacarrier
|
| 500 |
|
|
|a Electronic resource.
|
| 653 |
|
|
|a Proceedings
|a Coasts, Oceans, Ports, and Rivers Institute (COPRI)
|a Coastal engineering
|a Urban planning and development
|a Project management
|a Available in Print
|
| 655 |
|
7 |
|a Electronic books.
|2 local
|
| 700 |
1 |
|
|a Ewing, Lesley.
|
| 700 |
1 |
|
|a Herrington, Thomas.
|
| 700 |
1 |
|
|a Magoon, Orville.
|
| 730 |
0 |
|
|a ASCE Library.
|
| 856 |
4 |
0 |
|u http://proxy.library.tamu.edu/login?url=http://ascelibrary.org/action/showBook?doi=10.1061%2F9780784406823
|z Connect to the full text of this electronic book
|t 0
|
| 999 |
|
|
|a MARS
|
| 999 |
f |
f |
|s 9950218a-5443-345d-b3a0-333c3a263dab
|i 90a351e5-df30-3817-bbc9-875098b89573
|t 0
|
| 952 |
f |
f |
|a Texas A&M University
|b College Station
|c Electronic Resources
|d Available Online
|t 0
|h No information provided
|
| 998 |
f |
f |
|t 0
|l Available Online
|